<?xml version="1.0" encoding="UTF-8"?>
<marc:record xmlns:marc="http://www.loc.gov/MARC21/slim">
   <marc:leader>00000nam a2200000 a 4500</marc:leader>
   <marc:datafield ind1="1" ind2=" " tag="100">
      <marc:subfield code="a">Breuer, Gabriele</marc:subfield>
      <marc:subfield code="4">aut</marc:subfield>
      <marc:subfield code="e">Verfasser/-in</marc:subfield>
   </marc:datafield>
   <marc:datafield ind1="0" ind2="0" tag="245">
      <marc:subfield code="a">Das Haus der gefallenen Töchter</marc:subfield>
   </marc:datafield>
   <marc:datafield ind1="0" ind2="0" tag="245">
      <marc:subfield code="b">historischer Roman</marc:subfield>
   </marc:datafield>
   <marc:datafield ind1="0" ind2="0" tag="245">
      <marc:subfield code="c">Gabriele Breuer</marc:subfield>
   </marc:datafield>
   <marc:datafield ind1=" " ind2="1" tag="264">
      <marc:subfield code="a">Berlin</marc:subfield>
      <marc:subfield code="b">Ullstein</marc:subfield>
      <marc:subfield code="c">2018</marc:subfield>
   </marc:datafield>
   <marc:datafield ind1="1" ind2=" " tag="520">
      <marc:subfield code="a">Angaben aus der Verlagsmeldung

Das Haus der gefallenen Töchter : Historischer Roman / von Gabriele Breuer

Verdammt, verstoßen, verachtet – eine junge Heilerin kämpft für Liebe und Freiheit

Köln, 1471: Jenna, eine junge Heilerin, wird der Hexerei bezichtigt und aus ihrem Dorf gejagt. Der Gaukler Amando nimmt sich ihrer an, doch die zarte Liebe steht unter keinem guten Stern: Auf einem Streifzug durch die Gassen Kölns wird Jenna des Diebstahls beschuldigt. Sie soll im Haus der gefallenen Töchter auf den rechten Weg zurückgeführt werden. Unter den verstoßenen Frauen der Stadt, schuldig wie unschuldig, trifft Jenna auf die Dirne Ursula. Während Amando versucht, die beiden Frauen aus den Fängen des Hausherrn zu befreien, kämpfen Jenna und Ursula um Gerechtigkeit in einer Zeit, in der es dafür keinen Platz zu geben scheint.

</marc:subfield>
   </marc:datafield>
   <marc:datafield ind1=" " ind2=" " tag="020">
      <marc:subfield code="a">9783548290799</marc:subfield>
      <marc:subfield code="9">9783548290799</marc:subfield>
   </marc:datafield>
   <marc:datafield ind1=" " ind2=" " tag="020">
      <marc:subfield code="a">3548290795</marc:subfield>
      <marc:subfield code="9">3548290795</marc:subfield>
   </marc:datafield>
   <marc:datafield ind1=" " ind2=" " tag="041">
      <marc:subfield code="a">ger</marc:subfield>
   </marc:datafield>
   <marc:datafield ind1=" " ind2=" " tag="300">
      <marc:subfield code="a">391 Seiten</marc:subfield>
   </marc:datafield>
</marc:record>
